ბათუმის შოთა რუსთაველის სახელმწიფო უნივერსიტეტის ბიბლიოთეკა

რჩეული თხზულებანი : რვატომეული (ბიბ.ჩანაწერი № 50211)

000 -LEADER
fixed length control field 01066nam a2200217Ia 4500
001 - CONTROL NUMBER
control field 17149
003 - CONTROL NUMBER IDENTIFIER
control field GE_BSU
008 - FIXED-LENGTH DATA ELEMENTS--GENERAL INFORMATION
fixed length control field 181216s||||||||xx |||||||||||||| ||und||
040 ## - CATALOGING SOURCE
Transcribing agency GE_BSU
080 ## - UNIVERSAL DECIMAL CLASSIFICATION NUMBER
Universal Decimal Classification number 821.353.1 + 821.353.1-32 + 821.353.1-92
100 ## - MAIN ENTRY--PERSONAL NAME
Personal name გამსახურდია, კ. (კონსტანტინე, 1891-1975)
245 ## - TITLE STATEMENT
Title რჩეული თხზულებანი : რვატომეული
245 ## - TITLE STATEMENT
Remainder of title პროზა, პოეზია, წერილები, თარგმანები [გოეტე, დანტე]
245 ## - TITLE STATEMENT
Statement of responsibility, etc. სარედ. კოლ.: ირაკლი აბაშიძე, სერგი ჭილაია, გიორგი ნატროშვილი
260 ## - PUBLICATION, DISTRIBUTION, ETC.
Place of publication, distribution, etc. თბილისი
260 ## - PUBLICATION, DISTRIBUTION, ETC.
Name of publisher, distributor, etc. საბჭ. საქართველო
260 ## - PUBLICATION, DISTRIBUTION, ETC.
Date of publication, distribution, etc. 1967
300 ## - PHYSICAL DESCRIPTION
Extent 898 გვ.23 სმ.
653 ## - INDEX TERM--UNCONTROLLED
Uncontrolled term პროზა, პოეზია, წერილები, თარგმანები [გოეტე, დანტე]
942 ## - ADDED ENTRY ELEMENTS (KOHA)
Koha item type წიგნი
ეგზემპლარები
Withdrawn status Lost status Damaged status Not for loan Date acquired Barcode Date last seen Price effective from Koha item type
        2018-12-17 21807 2018-12-17 2018-12-17 წიგნი